|
|
|
|
| LEADER |
00000nam0a2200000 4500 |
| 001 |
140150 |
| 005 |
20231031141955.0 |
| 035 |
|
|
|a (RuTPU)RU\TPU\book\151821
|
| 090 |
|
|
|a 140150
|
| 100 |
|
|
|a 20080620d1964 km y0rusy50 ca
|
| 101 |
0 |
|
|a rus
|
| 102 |
|
|
|a RU
|
| 105 |
|
|
|a a z 001zy
|
| 200 |
1 |
|
|a Разработка нефтяных месторождений горизонтальными и многозабойными скважинами
|f Ю. П. Борисов, В. П. Пилатовский, В. П. Табаков
|
| 210 |
|
|
|a Москва
|c Недра
|d 1964
|
| 215 |
|
|
|a 154 с.
|c ил.
|
| 320 |
|
|
|a Библиография в конце глав.
|
| 610 |
1 |
|
|a горное дело
|
| 610 |
1 |
|
|a нефтяные месторождения
|
| 610 |
1 |
|
|a горизонтальные стволы
|
| 610 |
1 |
|
|a многозабойные скважины
|
| 610 |
1 |
|
|a разработка
|
| 610 |
1 |
|
|a наклонные скважины
|
| 675 |
|
|
|a 622.323
|v 3
|
| 700 |
|
1 |
|a Борисов
|b Ю. П.
|g Юрий Павлович
|
| 701 |
|
1 |
|a Пилатовский
|b В. П.
|g Виктор Петрович
|
| 701 |
|
1 |
|a Табаков
|b В. П.
|g Владимир Павлович
|
| 801 |
|
1 |
|a RU
|b 63413507
|c 20080620
|g PSBO
|
| 801 |
|
2 |
|a RU
|b 63413507
|c 20081014
|g PSBO
|
| 942 |
|
|
|c BK
|